Qui est sur cette photographie ? (6) - Statistiques

Statistiques générales
  • Ce quiz a été pris 62 fois
  • Le résultat moyen est 8 sur 20
Statistiques - réponses
Par images Hint Réponse % Correct
Haut-fonctionnaire / Résistant Jean {Moulin}
92%
Inventeur / Chimiste Louis {Pasteur}
88%
Ecrivain George {Sand}
86%
Militaire / Politicien Charles de {Gaulle}
85%
Politicien Léon {Blum}
83%
Ecrivain Alphonse {Daudet}
64%
Peintre Eugène {Delacroix}
58%
Ecrivain Colette
37%
Peintre Gustave {Courbet}
36%
Compositeur Jacques {Offenbach}
27%
Compositeur Gabriel {Fauré}
25%
Dessinateur Honoré {Daumier}
17%
Compositeur Gioachino {Rossini}
14%
Militaire Joseph {Joffre}
14%
Peintre Jean-François {Millet}
12%
Peintre Camille {Corot}
8%
Militaire Hubert {Lyautey}
8%
Ecrivain / Militaire Pierre {Loti}
7%
Politicien Roger {Salengro}
5%
Politicien André {Maginot}
2%
Aucun quiz correspondant
Distribution des résultats
% des personnes avec chaque résultat
Percentile par nombre de réponses
Votre historique - résultats
Vous n’avez pas pris ce quiz